Normal view
MARC view
Entry Personal Name
001 - CONTROL NUMBER
- control field: 82330
003 - CONTROL NUMBER IDENTIFIER
- control field: dpl
005 - DATE AND TIME OF LATEST TRANSACTION
- control field: 20250625122557.0
008 - FIXED-LENGTH DATA ELEMENTS
- fixed length control field: 250625|| aca||aabn | a|a d
040 ## - CATALOGING SOURCE
- Original cataloging agency: dpl
- Transcribing agency: dpl
100 ## - HEADING--PERSONAL NAME
- Personal name: Chatterji, Shoma A
670 ## - SOURCE DATA FOUND
- Source citation: Work cat.: (dpl)211942: Chatterji, Shoma A, Amitabh Bachchan As The Other/, 2024
